00544 2200205 4500001002100000005001500021035002000036245005300056100003100109250001100140300002100151260003800172082001000210084001600220020002200236008004100258650001700299990001100316990001100327INLIS00000000000177120250509081038 a0010-12240000241 aPesantren Kereeen! /cTethy Ezokanzo dan Dian K.0 aTethy Ezokanzo dan Dian K. aCet.13 a152 hlm :bilust aJakarta :bAl-Kautsar Kids,c2024 a741.5 a741.5 TET p a978-602-1694-44-2250509 0  4aKomik Islami a003679 a003680